[Event "Linares 12th"]
[Site "Linares"]
[Date "1994.??.??"]
[Round "3"]
[White "Anand, Viswanathan"]
[Black "Gelfand, Boris"]
[Result "1/2-1/2"]
[WhiteElo "2715"]
[BlackElo "2685"]
[Annotator "Gelfand,B"]
[PlyCount "88"]
[EventDate "1994.02.??"]
[EventType "tourn"]
[EventRounds "13"]
[EventCountry "ESP"]
[EventCategory "18"]
[SourceTitle "CBM 040"]
[Source "ChessBase"]
[SourceDate "1994.06.01"]
[SourceVersion "1"]
[SourceVersionDate "1994.06.01"]
[SourceQuality "1"]

1. e4 c5 2. Nf3 d6 3. d4 cxd4 4. Nxd4 Nf6 5. Nc3 a6 6. Be3 e6 7. f3 b5 8. g4 h6
9. h4 b4 10. Nce2 e5 11. Nb3 Be6 $146 (11... d5 12. Ng3 d4 (12... Be6 $1)) 12.
Ng3 (12. Rg1 $5) 12... d5 13. Bd3 (13. Nc5 Bxc5 14. Bxc5 Qa5 $10) (13. exd5
Nxd5 14. Bf2 Qc7 $5 {/\ Nd7=}) 13... Nbd7 14. Qe2 (14. g5 hxg5 15. hxg5 Rxh1+
16. Nxh1 dxe4 $1 $15) (14. Rg1 dxe4 $5 15. Nxe4 Nd5 16. Bf2 Nf4 $10) 14... a5
15. Rg1 a4 (15... d4) 16. Nd2 Qc7 17. g5 hxg5 18. hxg5 dxe4 $1 19. gxf6 $6 (19.
fxe4 $6 Ng4 20. Nf5 Nxe3 (20... Bxf5 21. exf5 Nxe3 22. Qxe3 Bc5 23. Qf3) 21.
Nxe3 Bc5 $15) (19. Bc4 $6 Nd5 20. Bxd5 Bxd5 21. fxe4 Be6 $15) (19. Ndxe4 Nd5
20. Bb5 a3 $1 21. b3 Nc3 $36) (19. Ngxe4 Nd5 20. Nc4 (20. Bc4 $4 Nxe3 $19) (20.
g6 f6 $1 $15 (20... f5 21. Ng5)) 20... Nc5 $5 21. Bxc5 Bxc5 22. Nxc5 Qxc5 23.
Qf2 (23. O-O-O Nf4 24. Qxe5 Nxd3+ 25. cxd3 Qxe5 26. Nxe5 Bxa2 $17) 23... Qxf2+
24. Kxf2 Nf4 $1 25. Ke3 $1 $10) 19... exd3 20. fxg7 Bxg7 21. Qxd3 (21. cxd3 a3
$15 (21... Qc2 $5)) 21... a3 $1 (21... e4 $6 22. Ngxe4 Bxb2 23. Bd4 $1 $36) 22.
b3 (22. Qe4 $2 axb2 $1 23. Qxa8+ Ke7 $19) 22... e4 $1 23. Qxe4 Ra5 $1 24. Rd1
$1 $8 (24. Bd4 $2 Re5 $3 25. Bxe5 Bxe5 $19) 24... Bc3 $5 (24... Re5 25. Qd4 (
25. Qd3 Bh6 26. Nge4 Bxe3 27. Qxe3 f5 28. f4 Rxe4 29. Nxe4 fxe4 $15) 25... Qxc2
(25... Bh6 26. Ngf1 Qc3 27. Qxc3 bxc3 28. Ne4 Bxe3 29. Nxe3 f5 30. Nd6+ Ke7 31.
Kf2) (25... Nc5 26. Ngf1 Bf6 27. Qxb4 Rh4 28. Ne4 Rhxe4 29. Rg8+ Ke7 30. fxe4
Rxe4 31. Qb5) (25... Bf8 26. Nge4 (26. Ngf1 Qxc2 $17) 26... f5 27. f4 $1 $16) (
25... Bf6 26. Nge4 (26. Nde4 $5 Rh2 27. Nf5 $1) 26... Rxe4 27. Qxe4 Bh4+ 28.
Bf2 $1 Bxf2+ 29. Kxf2 Qc5+ 30. Kf1 Rh2 31. Rg2 $16) (25... f5 $5 26. f4 $1 (26.
Nxf5 Bxf5 27. Rxg7 Rh1+ 28. Nf1 Bh3 $19) (26. Nh5 Rxh5 27. Rxg7 Qc3 $1 28. Kf2
Rxe3 29. Rxd7 Rh2+ $1 $19) 26... Qxc2 $5 (26... Rh4 27. Nxf5 $1) (26... Re4 27.
Qd3 Nc5 28. Qe2 $13) 27. Ngf1 $1 (27. fxe5 $2 Nxe5 28. Ke2 Rh2+ 29. Bf2 Nd3 $19
) (27. Ne2 Nc5 28. fxe5 (28. Nc4 Rd5 29. Nd6+ Kd8 30. Rxg7 Rh1+ 31. Ng1 Rxd4
32. Bxd4 Bd7 $1 33. Nb5 Nd3+ $19) 28... Nd3+ 29. Qxd3 $1 Qxd3 30. Nf1 $1 $16 (
30. Nc4 Qc2 31. Rxg7 Rh1+ 32. Bg1 Qxa2 $17)) 27... Bf6 28. fxe5 Nxe5 29. Ke2 $1
Bf7 (29... Bd7 30. Qd5 $18) (29... Bc8 30. Qd6 $18) 30. Rg5 $1 $16) 26. Nge4
Rg5 27. Qxb4 Rxg1+ 28. Bxg1 Rh1 29. Ke2 $16) 25. Bd4 $8 (25. Ne2 Nf6 $1 (25...
Re5 26. Qa8+ Ke7 (26... Nb8 $5) 27. Qxh8 Rxe3 28. Qh4+ Nf6 29. Kf1 Qd6 30. Qg3
$16) 26. Qd3 (26. Qf4 Be5 27. Qxb4 Nd5 $19) 26... Bf5 $1 27. Qc4 Qxc4 28. bxc4
Re5 29. Bf4 Re6 $17) 25... Nf6 $5 (25... Rg8 26. Kf2 (26. f4 Rd5 $5 $132) 26...
Rag5 (26... Rh5 $6 27. Ndf1) 27. Ndf1 $1 (27. f4 Rg4 $40) 27... Nf6 28. Bxf6
Bxf6 29. Qxb4 Qa7+ 30. Kg2 $1 $16 (30. Ne3 $2 Rxg3 31. Rxg3 Rxg3 32. Kxg3 Qxe3
$19)) (25... Rh3 $6 26. Ne2 Nf6 $1 27. Bxf6 Bxf6 28. Rg8+ $18) (25... Rg5 $6
26. Qa8+ Nb8 (26... Ke7 27. Qxh8) 27. Bxh8 Rxg3 28. Rh1 $1 $16) 26. Bxf6 (26.
Qe3 Nd5 27. Qe4 Bxd4 28. Qxd4 Qc3 $17) 26... Bxf6 27. Nc4 Rh4 $6 (27... Rc5 $1
28. Nf5 $5 Kf8 $1 29. Qa8+ (29. Nfd6 Qa7 $5 $36) 29... Bc8 30. Nfd6 Rh2 $1 $36)
(27... Rg5 $2 28. f4 Rc5 29. f5 $1 $18) 28. Qe3 Rxc4 29. bxc4 Bh4 $1 (29...
Qxc4 $6 30. Ne4 $1 Bh4+ 31. Kd2 Rd5+ 32. Kc1 Qxa2 33. Rxd5 Qxd5 34. Rg8+ Ke7
35. Qf4 $1 $18) 30. Kf2 (30. f4 Qxc4 31. Rh1 Bxg3+ (31... Rh5 32. Rxh4 Rxh4 33.
f5 $18) 32. Qxg3 Qe4+ 33. Kd2 Qd4+ $10) 30... Qxc4 (30... Rc5 $5 31. Rd4 Rxc4
32. Rxc4 Qxc4 33. Rd1 $10) 31. Qd4 $6 (31. Rd2 Qc5 32. Re1 $1 $10) 31... Qxc2+
32. Rd2 (32. Ke3 $6 Qc3+ 33. Qxc3 bxc3 34. Ne4 Bxa2 $17 35. Rh1 $6 c2 36. Rc1
Bb1 $1 $19) 32... Qc5 33. Rh1 Qxd4+ 34. Rxd4 Bxg3+ 35. Kxg3 Bxa2 36. Rxb4 Bd5
37. Rd4 a2 $2 $138 (37... Ke7 38. Ra1 Kd6 39. Rd3 a2 40. Rc3 $10) (37... Kd7 $1
{/\ Kc6-c5-/+}) 38. Ra1 Be6 39. Rd3 Ra4 40. Kf2 Ke7 41. Ke3 Kf6 42. Rd4 Rxd4 (
42... Ra3+ 43. Kf4 Ke7 44. Ke4 $10) 43. Kxd4 Kf5 44. Kc3 Kf4 (44... Kf4 45. Kb2
Kxf3 46. Rf1+ Ke4 47. Rxf7 $1 $10) 1/2-1/2

[Event "Rubinstein Memorial 37th"]
[Site "Polanica Zdroj"]
[Date "2000.08.17"]
[Round "1"]
[White "Fedorov, Alexei"]
[Black "Gelfand, Boris"]
[Result "0-1"]
[WhiteElo "2646"]
[BlackElo "2681"]
[Annotator "Gelfand,B"]
[PlyCount "57"]
[EventDate "2000.08.17"]
[EventType "tourn"]
[EventRounds "9"]
[EventCountry "POL"]
[EventCategory "17"]
[SourceTitle "CBM 079"]
[Source "ChessBase"]
[SourceDate "2000.11.21"]
[SourceVersion "1"]
[SourceVersionDate "2000.11.21"]
[SourceQuality "1"]

1. e4 c5 2. Nf3 d6 3. d4 cxd4 4. Nxd4 Nf6 5. Nc3 a6 6. f3 e6 7. Be3 b5 8. g4 h6
9. Qd2 Nbd7 10. O-O-O Bb7 11. Bd3 Ne5 (11... Qa5 12. Kb1 Ne5 13. Rhe1 b4 14.
Nce2 d5 {1/2-1/2 Fedorov,A-Gavrikov,V/Katrineholm SWE 1999 (14)}) 12. Rhe1 Qa5
$5 {N} 13. Nb3 (13. Kb1 b4 14. Nce2 d5 {-Fedorov-Gavrikov}) 13... Qc7 14. Qf2
Nxd3+ $1 (14... Nfd7 15. Kb1 Nxd3 $140 16. cxd3 $1) 15. Rxd3 Nd7 $11 (15... Be7
$5) 16. Rd2 (16. Nd5 $6 exd5 17. exd5 Be7) (16. Rdd1 Be7 17. h4 Ne5 18. Bb6
$140 Bxh4) (16. Bd4 $5 Ne5 17. Rdd1 $11) 16... Be7 (16... Ne5 17. Bb6 Qc8 18.
Na5) 17. a3 (17. Bd4 Ne5 18. f4 Nc4 19. Rdd1 O-O $15) 17... Rc8 (17... g5 $5) (
17... O-O-O 18. Kb1 $14) 18. f4 Nc5 19. Bxc5 $2 (19. Bd4 Nxb3+ (19... O-O 20.
Kb1 {/\h4,g5}) 20. cxb3 e5 $1 21. Bb6 (21. Be3 Bxe4) 21... Bh4 22. Qxh4 Qxb6
$132) (19. Kb1 $5 Nxe4 $140 20. Nxe4 Bxe4 21. Bd4 Qb7 22. Na5 (22. Bxg7 Rg8 23.
Qd4 Rc4) 22... Qa8 23. Bxg7 Rg8 24. Qd4 $13) 19... dxc5 20. Red1 b4 (20... Qb8
$5 21. Na5 Ba8 {Fedorov,A}) 21. Rd7 Qb8 22. axb4 (22. Rxe7+ Kxe7 23. Nxc5 bxc3
24. Rd7+ Ke8 25. Rxb7 cxb2+ 26. Kxb2 Qd6 27. e5 Qd5 $17) (22. Na4 $142 bxa3 23.
bxa3 Bc6 (23... Bxe4 24. Naxc5 Bc6 25. Nxa6) 24. Rxe7+ Kxe7 25. Qxc5+ Kf6 $1 (
25... Ke8 26. Nb6 Rc7 27. Qd6) 26. Nb6 (26. Rd6 Bxa4 27. g5+ Ke7 28. Rc6+ Kd7
$19) 26... Qxf4+ 27. Nd2 Kg6 28. Nxc8 Rxc8 $15) 22... cxb4 23. Qb6 $6 (23. Na4
Bc6 (23... Bxe4 24. Nac5 Bxc5 (24... Bc6 25. Nxa6) 25. Nxc5 Bxc2 26. Rb7) (
23... Rc7 24. Nac5 Bc8 25. Rxc7 Qxc7 26. e5 O-O 27. Ne4 $15) 24. Rxe7+ Kxe7 25.
Nb6 (25. Qc5+ Kf6 $17 (25... Ke8 26. Nb6 Qxf4+ (26... Rc7 27. Qd6 Bxe4 28. Nc5)
27. Kb1 Rc7 28. e5 $13)) 25... Bxe4 (25... Rc7 26. Qc5+ Ke8 27. Qd6) 26. Nxc8+
(26. Rd7+ Ke8 27. Nxc8 Kxd7 28. Nb6+ Ke7) 26... Rxc8 27. Rd2 $17 (27. Nc5 Bxc2
$19)) 23... Qxf4+ 24. Kb1 Bc6 $19 25. Rxe7+ (25. Ne2 Qb8) 25... Kxe7 26. Qxb4+
Kf6 $1 27. Rd6 Kg6 (27... Rhd8 28. Qd4+ Ke7 29. Rxd8 Rxd8 30. Qxg7 Bxe4 $19)
28. Nd4 Bxe4 29. Nxe4 $138 0-1

[Event "Dresden op 08th"]
[Site "Dresden"]
[Date "1999.07.20"]
[Round "6"]
[White "Gipslis, Aivars P"]
[Black "Maiwald, Jens Uwe"]
[Result "1-0"]
[WhiteElo "2463"]
[BlackElo "2488"]
[Annotator "Gipslis,A"]
[PlyCount "99"]
[EventDate "1999.07.15"]
[EventType "swiss"]
[EventRounds "9"]
[EventCountry "GER"]
[SourceTitle "EXT 2000"]
[Source "ChessBase"]
[SourceDate "1999.11.16"]
[SourceVersion "1"]
[SourceVersionDate "1999.11.16"]
[SourceQuality "1"]

1. e4 c5 2. Nf3 e6 3. Nc3 a6 4. g3 Nc6 5. Bg2 d6 6. d4 cxd4 7. Nxd4 Qc7 8. O-O
Nf6 9. Re1 Be7 10. Nxc6 bxc6 11. e5 dxe5 (11... Nd5 12. Qg4 g6 13. Nxd5 cxd5
14. exd6 Qxd6 15. Qd4 f6 16. Bf4 Qc6 17. c4 $16) 12. Rxe5 O-O (12... Bd6 13.
Qf3 Bd7 $2 14. Rg5 Rg8 (14... Kf8 15. Rxg7 $1 Kxg7 16. Bh6+ Kg6 17. Qe3 Qa5 18.
Nd5 $18) 15. Qxf6 $18) (12... Nd5 13. Nxd5 cxd5 14. Bf4 Qa7 (14... Bd6 15. Qxd5
Bxe5 (15... O-O 16. Qxa8 Bxe5 17. Bxe5 Qxe5 18. Rb1 Qa5 19. a3 Bd7 20. Qe4 $16)
16. Qxe5 (16. Qc6+ Qxc6 17. Bxc6+ Bd7 18. Bxa8 Bxb2 19. Rb1 Ke7 20. Bb7 Bd4 21.
Bxa6 $16 {Kristjansons - Vidarsons, Reikjavika 1990}) 16... Qxe5 17. Bxe5 Ra7
18. Bxg7 Rg8 19. Bf6 Rc7 20. Rd1 Bd7 21. Be4 $44 {Pics - Janosevics, Sarajevo
1968}) 15. c4 $1 dxc4 16. Be3 Qc7 17. Bxa8 $16) (12... Bb7 13. Bf4 Bd6 14.
Rxe6+ fxe6 15. Bxd6 Qd7 16. Bc5 Qxd1+ 17. Rxd1 Rd8 18. Re1 Kf7 19. Ne4 Nxe4 20.
Bxe4 Rhe8 21. Re3 (21. Kg2 e5 22. Re3 g6 23. Rf3+ Kg7 24. Rb3 $16 {Vasjukovs -
Bobocovs, Varna 1971}) 21... Rd7 22. Rf3+ Kg8 23. Rb3 $14 {Brauns - Langevegs,
Amsterdama 1972}) 13. Bf4 (13. Re1 Rd8 14. Qe2 Nd5 15. Na4 (15. Ne4 a5 16. c4
Nb4 17. Be3 $14 {Franzoni - D.Kramlig, Bile 1986}) 15... Bb7 16. b3 Bf6 17. Bb2
Bxb2 18. Nxb2 Nb6 19. Nd3 a5 20. Nc5 Nd7 21. Nxb7 Qxb7 $14 {Leko - Sion Castro,
Leon 1993}) (13. Re2 Rd8 14. Qe1 Rb8 15. Na4 Bd7 16. Bd2 Rdc8 17. Rd1 c5 $2 18.
Bf4 $18 {G.Fernandes - Burgevis, BCC 1998}) 13... Qb7 (13... Bd6 $2 14. Rxe6
Bxf4 15. Rxc6 Qb8 16. gxf4 Bg4 17. Qc1 $16 {Glansers - Christaph, Bata 1973}) (
13... Rd8 $2 14. Rd5 $1 Rxd5 15. Nxd5 Qd8 16. Nxe7+ Qxe7 17. Bxc6 Ra7 $8 18.
Bd6 {1:0 Gipslis - Lieberum, Pardubice 1995}) 14. b3 (14. Na4 Nd5 (14... Rd8
15. Bd2 (15. Qf3 Nd5 16. Bd2 Bf6 17. Re4 $16 {R. Hibners}) 15... Qc7 16. Re3 a5
17. Qe1 $14) 15. Bd2 Bf6 16. Re2 a5 17. Rb1 Rd8 $14 {Alex.Ivanov - Ashley,
Filadelfija 1989}) (14. Re3 Rd8 (14... Nd5 $5) 15. Qe2 Bd7 16. Be5 Be8 (16...
Nd5 17. Nxd5 cxd5 18. c4 Bc6 19. Rb3 Qd7 20. cxd5 Bxd5 21. Rd1 Qc6 22. Rc3 $14)
17. Ne4 Nxe4 18. Bxe4 $14 {Keres - Vasjukovs, SSSR (ch) 1965}) 14... Bd7 $6 (
14... Nd5 $5) 15. Re2 Rfd8 16. Qe1 Be8 17. Na4 $1 Nd5 18. Bd2 Rdb8 $2 (18...
Rab8 $142) 19. h4 Bf6 20. Rd1 $1 Qe7 21. c4 Nb4 $8 22. Be3 $16 a5 23. Bc5 Qb7
24. Red2 Na6 25. Bd6 Rd8 26. Qe3 Ra7 (26... Be7 $6 27. Qb6 $1 $16) 27. Nc3 Raa8
28. Na4 (28. Ne4 $5 Be7 29. Qc3 $16) 28... h6 29. Kh2 Ra7 30. Nc3 Raa8 31. Ne4
Be7 32. Qc3 Bxd6 33. Nxd6 Qc7 34. Nxe8 Rxe8 35. Rd7 Qb6 36. Qf3 Rf8 37. Kg1 $2
(37. Qxc6 Qxf2 38. Rf1 Qc5 39. Rfxf7 $18) 37... Nb8 38. R7d4 Ra7 39. Rg4 f6 40.
Rgd4 a4 41. Rd6 axb3 42. axb3 Re7 43. Qc3 $1 Qc5 44. b4 Qh5 45. Qb3 f5 46. b5
f4 47. bxc6 fxg3 48. Qxg3 {1:23 - 2:30} Qc5 49. Qe3 $1 Qxc4 50. Rc1 $16 1-0

[Event "Gashimov Memorial 2nd"]
[Site "Shamkir"]
[Date "2015.04.25"]
[Round "8"]
[White "Adams, Michael"]
[Black "Giri, Anish"]
[Result "1-0"]
[WhiteElo "2745"]
[BlackElo "2790"]
[Annotator "Gormally,D"]
[PlyCount "65"]
[EventDate "2015.04.17"]
[EventType "tourn"]
[EventRounds "9"]
[EventCountry "AZE"]
[EventCategory "21"]
[SourceTitle "CBM 166"]
[Source "ChessBase"]
[SourceDate "2015.05.11"]
[SourceVersion "1"]
[SourceVersionDate "2015.05.11"]
[SourceQuality "1"]

1. e4 c5 2. Nf3 d6 3. d4 cxd4 4. Nxd4 Nf6 5. Nc3 a6 6. g3 e6 7. Bg2 Be7 8. O-O
O-O 9. a4 Nc6 10. Be3 Rb8 {Giri deviates from a previous game where he played
the more normal ...Qc7. The rook going to this square is very common in this
variation, perhaps to support a later ...b5, but in this particular position
it's very rare.} (10... Qc7 11. f4 (11. Qe2 Re8 12. f4 Rb8 13. Kh1 Nxd4 14.
Bxd4 b6 15. e5 Nd7 16. Ne4 Bb7 17. exd6 Bxd6 18. Nxd6 Bxg2+ 19. Qxg2 Qxd6 20.
Rad1 Qc7 {Dzhumaev,M (2549)-Sasikiran,K (2669) Manila 2013, White got nothing
from the opening and later got ground down.}) 11... Nxd4 12. Bxd4 Bd7 13. Kh1
Bc6 14. Qe2 Rac8 15. g4 Nd7 16. g5 e5 17. Be3 exf4 18. Bxf4 Ne5 {Zherebukh,Y 
(2628)-Giri,A (2730) Germany 2012., Giri was fine but later lost.}) ({The
immediate} 10... Bd7 {is also very common.} 11. Qe2 Nxd4 12. Bxd4 Bc6 13. a5
Nd7 14. Rfd1 Re8 15. Na4 Bf6 $6 16. Bxf6 Qxf6 17. Rxd6 {Leko,P (2735)-L'Ami,E 
(2627) Wijk aan Zee 2013, left White better.}) 11. f4 Qc7 12. Kh1 Bd7 (12...
Nxd4 13. Bxd4 (13. Qxd4 $5 Ng4 14. Qb6 $1) 13... Bd7 14. e5 $1 {and Black has
to retreat to a more passive square on e8. I'm not sure how bad this is after}
Ne8 15. Ne4 {but it's not exactly what Black wants.}) 13. Nb3 $1 {As White has
a space advantage it makes sense to retain as much wood on the board as
possible.} (13. g4 Nxd4 14. Bxd4 Bc6 {is a standard equalising idea for Black.}
15. g5 Nd7 {and he's ready to hit back in the centre with ...e5.}) 13... b6 14.
g4 h6 {as Giri lacks the usual retreat square for the knight on d7, he is
anxious to delay g5 for as long as possible. But of course moving the pawns on
the kingside like this always entails a certain amount of risk.} 15. Qe2 (15.
h4 $5 {but this is more Shirov-like than Adamsesque.}) 15... Nb4 16. Nd4 Rbc8
17. Rad1 Qc4 18. Qf3 e5 19. Nf5 Bxf5 20. exf5 exf4 21. Rd4 Qc7 22. Bxf4 Nxc2 $2
{But this is way too optimistic. White is clearly on the verge of building up
a potentially killing kingside attack and grabbing a fairly pointless pawn
like this, is an indulgence too far.} (22... Qc5 $1 {was essential. Perhaps
Giri lost faith in his position at this point but it doesn't seem that bad:}
23. Rd2 d5 24. Be5 (24. Be3 Qc4 $5 {should also be fine} (24... Qc7 {looks
simple and good} 25. h4 Bc5 26. g5 {now looks like a much more double-edged
attack than in the game, if nothing else Black can force an endgame with} Bxe3
27. Qxe3 Qh2+ $1 (27... Rfe8 $5 28. Qf3 Ne4 $1) 28. Kxh2 Ng4+ 29. Kg1 Nxe3 30.
Rff2 hxg5 31. hxg5 Rfd8 {with a bit of a mess}) 25. Rd4 Qc7 {when Black has
useful counterplay coming with ...Nc6-e5}) 24... Rfe8 $1 25. Bd4 (25. h4 $2 {
looks like over-extension after the blow} Ne4 $1) (25. Rfd1 {can also be met
the same way:} Ne4 $1 26. Nxe4 dxe4 27. Qxe4 Bg5 28. Bd6 Rxe4 29. Bxc5 Rxg4 {
looks terrible for White}) 25... Qc7 {when Black has far more of a foothold in
the centre than in the game.}) (22... Nc6 $2 23. Rc4 $18) 23. Rd2 Nb4 24. h4 $1
{I wonder if Giri underestimated Adams' attacking abilities in this game.
Perhaps he didn't believe that the Cornishman would play h4 at all. I used to
watch Adams play when I was younger and he would seemingly inevitably push his
h-pawn up the board at some point - I never really understood at the time why
this was so strong, but it always seemed to be and this way of cracking the
opposition defences was also a speciality of Fischer and Kasparov. Now White
has a terrible threat of g5 but it turns out that Black cannot prevent it for
tactical reasons.} Nh7 25. g5 $1 {This pawn is poisoned and therefore Black
can't prevent the breakthrough f6, which has catastrophic consquences for his
defensive position.} (25. Ne4 {is also strong, but it's hard to resist the
urge to break open the kingside immediately.} Bxh4 $2 26. Bxd6 Qc4 27. b3 $1)
25... Qc4 (25... hxg5 26. hxg5 Nxg5 (26... Bxg5 {loses trivially to} 27. Bxg5
Nxg5 28. Qg4 $18) 27. Qh5 {and it requires only elementary calculation to see
that Black will be promptly mated down the h-file.} Nh7 (27... f6 28. Nd5 $18)
28. Bf3 (28. Bd5 Nf6 29. Qh3 Nfxd5 30. Nxd5 Nxd5 31. Rh2 $1 f6 32. Rg1 $1 {
is one neat line although hardly necessary}) 28... Nf6 29. Qh3 {with a
harrowing attack.} Rfe8 30. Rg1 $1 Kf8 31. Qh8+ Ng8 32. Qxg7#) 26. f6 $1 gxf6
27. gxf6 (27. gxh6 {is also terribly strong. Basically one glance at the
position is enough to see that things have gone really badly for Black.  The
biggest danger for White I can see is that he has such a dazzling array of
attacking possibilities that it would be easy to lose your way.} Kh8 28. Re1 $5
(28. Ne4 d5 29. Ng3 Bc5 {might not be so convincing.}) 28... Rc7 (28... Bd8 29.
Bxd6 Rg8 30. Re4 $18) (28... Nc6 {might be a better try, with the idea of
meeting} 29. Nd5 {with} Ne5 $1 {but after} 30. Qh3 {Black's defence still
looks torturous} (30. Bxe5 Qxh4+ $1 {is the clever point.})) 29. Re4 Qb3 30.
Rde2 $18) 27... Bxf6 ({After the alternative} 27... Nxf6 {if nothing else
White has the simple} 28. Bxh6 Qxh4+ 29. Qh3 Qxh3+ 30. Bxh3 {winning the
exchange while retaining a commanding position.}) 28. Ne4 Be5 29. Rxd6 $1 {
A crunching blow.} Bg7 (29... Bxd6 30. Nxd6 Qd3 (30... Qe6 31. Bh3 f5 32. Qg3+
$1 Kh8 33. Be5+ {is a massacre}) (30... Qc5 31. Qg3+ Kh8 32. Nxf7+ $1 Rxf7 33.
Be5+ Nf6 34. Rxf6 {is rather neat if straightforward.}) 31. Nxc8 $1 Qxf3 (31...
Rxc8 32. Qg4+ $18) 32. Ne7+ $18) 30. Bxh6 Bxh6 31. Rxh6 Rc6 (31... Rfe8 32.
Qg4+ Kh8 33. Nf6 $1) 32. Qg4+ Kh8 33. Rxh7+ 1-0

[Event "Bad Woerishofen op 26th"]
[Site "Bad Woerishofen"]
[Date "2010.03.10"]
[Round "5"]
[White "Koepke, Christian"]
[Black "Luther, Thomas"]
[Result "1/2-1/2"]
[WhiteElo "2370"]
[BlackElo "2559"]
[Annotator "Gutman,L"]
[PlyCount "83"]
[EventDate "2010.03.05"]
[EventType "swiss"]
[EventRounds "9"]
[EventCountry "GER"]
[SourceTitle "CBM 135 Extra"]
[Source "ChessBase"]
[SourceDate "2010.05.04"]
[SourceVersion "1"]
[SourceVersionDate "2010.05.04"]
[SourceQuality "1"]

1. e4 c5 2. Nf3 e6 3. d4 cxd4 4. Nxd4 Nf6 5. Nc3 d6 6. Be3 Be7 7. f3 O-O 8. Qd2
Nc6 9. O-O-O d5 10. exd5 Nxd5 11. Nxd5 Qxd5 12. c4 Qd6 13. Nxc6 Qxc6 14. Bd3 e5
15. Kb1 ({In Erenburg-Guseinov, Warschau 2005, folgte} 15. Qc2 h6 16. Be4 Qa6
17. Kb1 Be6 18. Bd5 Rac8 {mit Ausgleich.}) 15... Be6 16. Rc1 $6 ({Dies ist
passiv, logischer erscheint} 16. Qc2) 16... Rad8 17. Qe2 ({Auf} 17. Qc2 {
käme 17...} f5 {mit gutem Spiel.}) 17... b6 ({Nicht schlecht, doch sieht} 17...
f5 $5 18. Rhd1 b6 19. Bd2 Rd7 {ebenfalls freundlich für Schwarz aus.}) 18. Be4
Qc8 19. g4 Bc5 20. Bg5 Rd4 21. b3 a5 ({Und auch hier kam} 21... f5 $5 22. gxf5
Bxf5 {in Betracht.}) 22. Qc2 f5 23. gxf5 Bxf5 24. Rce1 Bxe4 25. fxe4 Rd7 $6 ({
Vorteil versprach das konsequnte} 25... a4 $1 26. Be3 ({oder} 26. Rhf1 Rxf1 27.
Rxf1 axb3 28. axb3 Qh3) 26... axb3 27. axb3 Rd6 28. Bxc5 bxc5 29. Rhf1 Rfd8)
26. Rhf1 Bd4 27. Bc1 Rdf7 ({Und wieder bot sich} 27... a4 $5 {an.}) 28. Rxf7
Rxf7 29. Be3 Bxe3 30. Rxe3 Qc5 31. Qd3 h6 32. Kb2 Rf2+ ({Hier war} 32... a4 33.
Re2 Kh7 34. Qd5 Qe7 {zu überlegen.}) 33. Re2 Kh7 34. Rxf2 Qxf2+ 35. Qc2 Qd4+
36. Kb1 h5 37. a3 h4 ({Auch} 37... g5 $5 38. b4 axb4 39. axb4 Kg6 {sieht gut
aus.}) 38. b4 axb4 39. axb4 g5 40. Qe2 Kg6 $2 ({Danach ist die ganze Arbeit
umsonst. Gute Gewinnchancen versprach Schwarz} 40... Qg1+ 41. Kc2 g4 42. Kb3 h3
43. Qd2 Qb1+ 44. Ka4 Qxe4 45. Kb5 Kg6 46. Qd6+ Kg5) 41. Qg4 Qxc4 42. Qf5+
1/2-1/2

[Event "Pardubice op-A"]
[Site "Pardubice"]
[Date "2005.07.28"]
[Round "7"]
[White "Azarov, Sergei Nikolaevich"]
[Black "Oleksienko, Mikhailo"]
[Result "1/2-1/2"]
[WhiteElo "2582"]
[BlackElo "2487"]
[Annotator "Gutman,L"]
[PlyCount "78"]
[EventDate "2005.07.22"]
[EventType "swiss"]
[EventRounds "9"]
[EventCountry "CZE"]
[SourceTitle "CBM 107 Extra"]
[Source "ChessBase"]
[SourceDate "2005.09.01"]
[SourceVersion "1"]
[SourceVersionDate "2005.09.01"]
[SourceQuality "1"]

1. e4 c5 2. Nf3 d6 3. d4 cxd4 4. Nxd4 Nf6 5. Nc3 a6 6. Be3 e6 7. f3 Nc6 8. Qd2
Be7 9. g4 O-O 10. O-O-O Nxd4 11. Qxd4 Nd7 12. Rg1 b5 13. g5 Qa5 ({Wird meist
gespielt, obwohl meines Erachtens die schwarze Dame auf a5 nichts zu suchen
hat.} 13... Ne5 $5 14. Rg3 Rb8 15. Kb1 b4 16. Ne2 a5 17. f4 Nc6 18. Qd2 a4 19.
Nd4 Qc7 20. Nxc6 Qxc6 21. Bd4 b3 $15 {erscheint sinnvoller, Balogh-Korneev,
Warsau 2005}) 14. Kb1 Ne5 (14... Bb7 {ist zu langsam wegen} 15. a3) (14... b4
15. Ne2 {ist dagegen voreilig,} e5 (15... Ne5 16. Rg3 Bb7 17. f4 Nc6 18. Qb6)
16. Qd2 Nc5 17. b3 $5 (17. Bg2 Na4 18. f4 Be6) 17... Be6 18. Bg2 Rfd8 19. f4 {
Balog-Del Rio Angelis, Gothenburg 2005}) 15. Rg3 Bb7 16. f4 ({Macht die
schwarze Aufgabe leichter.} 16. a3 $5 Rac8 17. Qd2 {war genauer, um} Qc7 {mit}
18. f4 Nc4 19. Bxc4 Qxc4 20. f5 {zu begegnen.}) 16... b4 17. Ne2 (17. Nd5 $2
exd5 18. fxe5 dxe4 19. exd6 Bxd6) 17... Nc6 18. Qd3 (18. Qb6 $5 $14 {
verspricht etwas Plus.}) 18... Rfd8 19. Nc1 Qc7 20. Qd2 d5 (20... a5 21. f5)
21. e5 a5 22. Bd3 d4 23. Bf2 a4 24. Bxh7+ $2 (24. Qe2 g6 25. Be4 $14 {mit
besserem Spiel für Weiß.}) 24... Kxh7 25. g6+ fxg6 $2 ({Nach} 25... Kg8 26.
gxf7+ Kxf7 27. Qd3 Bh4 {ist der weiße Angriff gescheitert.}) 26. Qd3 Bf8 27.
Qxg6+ Kg8 28. Rh3 b3 (28... Re8 29. Qh7+ Kf7 30. Bh4) 29. axb3 axb3 30. Nxb3
Nb4 $2 (30... Bc8 $5 {war gefragt, doch bestimmt nun die Zeitnot den weiteren
Vorlauf der Partie.}) 31. Qxe6+ Qf7 32. Rh8+ Kxh8 33. Qxf7 Be4 34. Rd2 (34.
Qh5+ Kg8 35. Nxd4 $18 {gewinnt sofort.}) 34... d3 35. c3 Nc2 36. e6 (36. Bb6
Rdb8 37. Qc4 $18) 36... Rdb8 37. Qh5+ (37. e7 $5 Bxe7 38. Qxe7 Rxb3 39. Ba7 Bg6
40. Rg2 Rb6 (40... d2 41. Rxd2) 41. Kc1 Na1 42. Kd1 Nb3 43. Ke1 Ra6 44. Be3 {
gewinnt immmer noch.}) 37... Kg8 38. Qf7+ Kh8 39. Qh5+ Kg8 1/2-1/2